000 00538nam a2200217Ia 4500
003 OSt
005 20220928143519.0
006 a|||||r|||| 00| 0
007 ta
008 220927b |||||||| |||| 00| 0 eng d
024 _a22228
037 _cTextual
040 _aSDCL
_cSDCL
_beng
041 _2eng
_aeng
082 _aO15,1D40:g, 15K8
100 _aBhandare L S
_9505504
245 0 _aImagery of Kalidas.
260 _c1968
942 _hO15,1D40:g, 15K8
_cTEXL
_2CC
999 _c824229
_d824229